Respuestas a los ejercicios propuestos / (Registro nro. 7456)
[ vista simple ]
| 000 -CABECERA | |
|---|---|
| Campo de control interno | 01706nam a2200241Ia 4500 |
| 008 - ELEMENTOS DE LONGITUD FIJA - INFORMACIÓN GENERAL | |
| Campo de control de longitud fija | 260220t1969||||xx |||||||||||||| ||spa|| |
| 040 ## - FUENTE DE CATALOGACIÓN | |
| Agencia de catalogación original | PY-SlUNAC |
| Idioma de catalogación | spa |
| Convenciones de descripción | rda |
| 041 ## - CÓDIGO DE IDIOMA | |
| Código de idioma para texto/pista de sonido o título separado | spa |
| 082 ## - NÚMERO DE CLASIFICACIÓN DECIMAL DEWEY | |
| Clasificación Decimal Dewey (CDD) | 512 |
| Clasificación Expansiva de Cutter (EC) | G589a |
| 100 ## - ASIENTO PRINCIPAL - NOMBRE PERSONAL | |
| Nombre personal | González, Mancill |
| Rol del autor | Autor |
| 245 #0 - TÍTULO | |
| Título | Respuestas a los ejercicios propuestos / |
| Mención de responsabilidad | por Mancill González [Autor] |
| 264 ## - PIE DE IMPRENTA | |
| Lugar | Buenos Aires : |
| Editorial | Kapelusz, |
| Año | ℗1969. |
| 300 ## - DESCRIPCIÓN FÍSICA | |
| Páginas | 1 volumen |
| 520 ## - NOTA DE RESUMEN | |
| Nota de resumen | El libro "Respuestas a los ejercicios propuestos" de González y Mancill, publicado en 1969 por Kapelusz en Buenos Aires, se presenta como una guía complementaria para estudiantes en el ámbito de las matemáticas. Su objetivo principal es ofrecer soluciones detalladas a los ejercicios planteados en textos académicos previos, facilitando así una comprensión más profunda de los conceptos matemáticos abordados. A lo largo de sus páginas, los autores desglosan paso a paso las metodologías necesarias para resolver problemas, lo que permite a los lectores afianzar sus conocimientos y habilidades. Además, el texto enfatiza la importancia de la práctica en el aprendizaje de las matemáticas, al proporcionar una variedad de ejemplos que abarcan diferentes niveles de dificultad. A través de un enfoque didáctico, los autores buscan no solo resolver ejercicios, sino también fomentar el pensamiento crítico y analítico en los estudiantes, contribuyendo así a su formación integral en esta disciplina esencial. |
| 653 ## - MATERIA - TÉRMINO TEMÁTICO NO CONTROLADO (PALABRAS CLAVE) | |
| Materia - término temático no controlado (palabras clave) | Educación |
| 653 ## - MATERIA - TÉRMINO TEMÁTICO NO CONTROLADO (PALABRAS CLAVE) | |
| Materia - término temático no controlado (palabras clave) | Ejercicios |
| 653 ## - MATERIA - TÉRMINO TEMÁTICO NO CONTROLADO (PALABRAS CLAVE) | |
| Materia - término temático no controlado (palabras clave) | Matemáticas |
| 942 ## - ELEMENTOS PERSONALIZADOS (KOHA) | |
| Fecha catalogación | 2026/02/17 |
| Tipo de documento | Libros |
| Fuente de Clasificacion | Colección | Ubicacion permanente | Biblioteca actual | Fecha de Ingreso a la Biblioteca | Origen de adquisición | Código de ubicación | Código de barras | Tipo de Item KOHA | Nota pública |
|---|---|---|---|---|---|---|---|---|---|
| Dewey Decimal Classification | Colección General (CG) | Biblioteca e Internet, Facultad de Ciencias Exactas y Naturales | Biblioteca e Internet, Facultad de Ciencias Exactas y Naturales | 02/20/2026 | Donación | 512 G589a | CG816 | Libros | Material disponible en la Biblioteca e Intenet, Campus UNA, San Lorenzo. |


